| 000 | 00569nam a2200217Ia 4500 | ||
|---|---|---|---|
| 001 | 9246 | ||
| 003 | GE_BSU | ||
| 008 | 181216s||||||||xx |||||||||||||| ||und|| | ||
| 040 | _cGE_BSU | ||
| 080 | _a821.353.1-31 | ||
| 100 | _aლორია,პარმენ | ||
| 245 | _aშვილები | ||
| 245 | _bრომანი | ||
| 260 | _aბათუმი. | ||
| 260 | _bსახელმწიფო გამ-ბა | ||
| 260 | _c1956 | ||
| 300 | _a398გვ;23სმ. | ||
| 653 | _aრომანი | ||
| 653 | _aშვილები | ||
| 942 | _cBK | ||
| 999 |
_c42548 _d42548 |
||